000 00576nam a22001697a 4500
003 OSt
008 260515b |||||||| |||| 00| 0 eng d
020 _a9783031280597
082 _a631.43
_bS53S
245 _aSoil Physical Environment and Plant Growth: Evaluation and Management/
_bPradeep K Sharma and Sandeep Kumar
250 _axii, 254 p.
260 _aSwitzerland:
_bSpringer Nature;
_c2023.
300 _axii, 254 p.
650 _a Agriculture and Related Technologies | Technology (Applied Sciences) | Soils Analysis
700 _aKumar, Sandeep
942 _2ddc
_cBK
999 _c50611
_d50611